Arbeitsblätter für die Grundlagen der warenkundlichen Ausbildung
Enregistré dans:
| Auteur principal: | |
|---|---|
| Format: | Livre |
| Langue: | allemand |
| Publié: |
Leipzig
Fachbuchverlag
1981
|
| Édition: | 8. Aufl. |
| Tags: |
Pas de tags, Soyez le premier à ajouter un tag!
|
MARC
| LEADER | 00000nam a2200000 4500 | ||
|---|---|---|---|
| 001 | c137105 | ||
| 005 | 20150325105539.2 | ||
| 041 | 0 | |a ger | |
| 044 | |a DE | ||
| 245 | 1 | 0 | |a Arbeitsblätter für die Grundlagen der warenkundlichen Ausbildung |c Siegfried Reich |
| 250 | |a 8. Aufl. | ||
| 264 | 1 | |a Leipzig |b Fachbuchverlag |c 1981 | |
| 300 | |a 56 s. | ||
| 100 | 1 | |a Reich, Siegfried | |